Statystyki dla Państwa celtyckie

Kliknij tutaj aby rozwiązać quiz!

Ogólne statystyki

  • Ten quiz został rozwiązany 38 razy
  • Średni wynik to 4 z 5

Statystyki odpowiedzi

Odpowiedź% Poprawnych
Irlandia
97%
Szkocja
84%
Walia
75%
Wyspa Man
66%
Irlandia Północna
63%

Rozkład punktacji

Percentyl według liczby udzielonych odpowiedzi

Procent ludzi z każdym wynikiem

Twoja historia wyników

Nie rozwiązałeś tego quizu